Point load test on soft-sedimentary rocks and correlation to UCS

Salvato in:
Dettagli Bibliografici
Autore principale: Ronzhin, Ilia (Autore)
Altri autori: Brček, Martin (Relatore della tesi)
Natura: Manoscritto Libro
Lingua:slovacco
inglese
Pubblicazione: 2021
Soggetti:
Accesso online:http://is.stuba.sk/zp/portal_zp.pl?podrobnosti=159062
https://opac.crzp.sk/?fn=detailBiblioForm&sid=7E417B54B864B7C45F22FB4635AB
Tags: Aggiungi Tag
Nessun Tag, puoi essere il primo ad aggiungerne!!

MARC

LEADER 00000ntm a22000003a 4500
001 stuzp84625
003 SK-STU
005 20230515125501.5
007 ta
008 150427s2015----xo-----f-mn---000-0-slo-d
040 |a STU  |b slo 
041 0 |a eng 
100 1 |a Ronzhin, Ilia  |u 010150  |4 aut  |U SvF Stavebná fakulta  |T SvF Katedra geotechniky  |X 105586  |U V150  |Y 15  |7 105586 
242 0 1 |a PLT skúška pre poloskalné horniny a jej korelácia s UCS  |y slo 
245 1 0 |a Point load test on soft-sedimentary rocks and correlation to UCS 
260 |c 2021 
650 4 |a skúška pevnosti v bodovom zaťažení  |2 slo 
650 4 |a poloskalné horniny  |2 slo 
650 4 |a slieňovce  |2 slo 
650 4 |a jednoosová pevnosť  |2 slo 
650 4 |a point load testing  |2 eng 
650 4 |a marlstones  |2 eng 
650 4 |a uniaxial compressive strength test  |2 eng 
700 1 |a Brček, Martin  |u 010150  |k Z1  |4 ths  |U SvF Stavebná fakulta  |T SvF Katedra geotechniky  |X 70478  |U V150  |Y 15  |7 A000070478 
856 4 |u http://is.stuba.sk/zp/portal_zp.pl?podrobnosti=159062 
856 4 |u https://opac.crzp.sk/?fn=detailBiblioForm&sid=7E417B54B864B7C45F22FB4635AB